Pokémon - Les attaques de Simularbre - Statistiques

Statistiques générales
  • Ce quiz a été pris 23 fois
  • Le résultat moyen est 9 sur 18
Statistiques - réponses
Niveaux Types Noms des attaques % Correct
Niveau 32 Roche Éboulement
88%
Niveau 20 Roche Tomberoche
75%
Niveau 16 Normal Copie
69%
Niveau 44 Normal Damoclès
69%
Départ Roche Lame de Roc
69%
Départ Plante Martobois
69%
Départ Roche Jet-Pierres
63%
Niveau 48 Roche Fracass'Tête
56%
Niveau 36 Combat Balayage
50%
Niveau 28 Ténèbres Coup Bas
50%
Départ Normal Photocopie
50%
Niveau 40 Combat Riposte
50%
Départ Ténèbres Croco Larme
31%
Départ Combat Marto-Poing
31%
DépartÉvolution Normal Souplesse
25%
Niveau 12 Normal Barrage
19%
Départ Normal Gigotage
19%
Niveau 24 Normal Larme à l'Œil
6%
Aucun quiz correspondant
Distribution des résultats
% des personnes avec chaque résultat
Percentile par nombre de réponses
Votre historique - résultats
Vous n’avez pas pris ce quiz